[Event "World Junior U20 Open 2018"]
[Site "Gebze"]
[Date "2018.09.11"]
[Round "7.65"]
[White "Gulbeyaz, Emir"]
[Black "Ismayilov, Muhammad"]
[Result "1/2-1/2"]
[WhiteElo "2285"]
[BlackElo "2137"]
[Annotator "TA"]
[PlyCount "81"]
[EventDate "2018.09.05"]
[EventType "swiss"]
[EventCountry "TUR"]
[SourceTitle "playchess.com"]
[Source "ChessBase"]
[SourceQuality "1"]

{[%evp 20,81,43,29,51,9,20,0,0,0,0,-38,-21,-52,-54,-92,-53,-43,-24,-111,-67,-106,-101,-103,-109,-93,-56,-93,-51,-45,-47,-54,-43,-53,-34,-45,0,0,0,-39,-24,-27,-15,-206,-208,-214,-190,-375,-375,-386,-20,-13,-8,-8,-8,-8,0,0,0,0,0,0,0,0]} 1. g3 d5 2. Bg2 Nf6 3. Nf3 g6 4. O-O Bg7 5. d4 O-O 6. c4 c6 7. b3 Ne4 8. Bb2 f5 9. Nbd2 Be6 10. Rc1 {A81: Dutch Defence: 2 g3} Nd7 11. e3 {LiveBook: 3 Games} h6 (11... a5 12. cxd5 cxd5 13. a4 Qb6 14. Ba3 Bf6 15. Nxe4 dxe4 16. Nd2 Bd5 17. Nc4 Qe6 {1-0 (40) Gledura,B (2626)-Hoang,T (2423) Ajka 2018}) 12. Nxe4 $146 {White is slightly better.} ({Predecessor:} 12. Qe2 a5 13. Ne1 a4 14. Nd3 axb3 15. axb3 Qb6 16. c5 Qb5 17. b4 b6 {0-1 (28) Nechaev,A (2394)-Firman,N (2525) Khmelnitsky 2008}) 12... fxe4 13. Nd2 Nf6 14. f3 exf3 15. Bxf3 Qd7 16. cxd5 cxd5 17. Qc2 Rac8 18. Qd3 ({Avoid the trap} 18. Qxg6 $2 Bf5 $19) 18... Bf5 19. Qe2 (19. e4 $1 $11 Rxc1 20. Rxc1 Nxe4 21. Nxe4) 19... Bh3 20. Rxc8 Rxc8 21. Rc1 Rxc1+ 22. Bxc1 Bg4 (22... Qc7 {keeps more tension.} 23. Qd1 h5 24. Bg2 Bg4 25. Nf3 Ne4) 23. Ba3 Bxf3 24. Nxf3 Ne4 25. Nh4 Kf7 26. Ng2 $1 Qc6 27. Nf4 e5 28. dxe5 Bxe5 29. Qd3 Bxf4 30. gxf4 Ke6 31. Qd4 $2 {[#]} (31. Qd1 $11 {and White is okay.}) 31... Qc3 $19 32. Qxc3 Nxc3 {[%mdl 4096] Endgame KB-KN} 33. Bb4 $2 (33. Kf2 {was called for.}) 33... Nxa2 34. Bd2 d4 $2 (34... Kf5 $19 35. Kf2 Ke4) 35. exd4 $11 {The position is equal.} Kd5 {aiming for ...h5.} 36. f5 gxf5 {[#] Threatens to win with ...h5.} 37. Bxh6 Kxd4 38. h4 Ke5 39. Bd2 a5 40. h5 Kf6 41. Kf2 {Precision: White = 36%, Black = 31%.} 1/2-1/2

[Event "World Junior U20 Open 2018"]
[Site "Gebze"]
[Date "2018.09.11"]
[Round "7.66"]
[White "De Block, Yordi"]
[Black "Zhao, Chenxi"]
[Result "0-1"]
[WhiteElo "2118"]
[BlackElo "2275"]
[Annotator "TA"]
[PlyCount "86"]
[EventDate "2018.09.05"]
[EventType "swiss"]
[EventCountry "TUR"]
[SourceTitle "playchess.com"]
[Source "ChessBase"]
[SourceQuality "1"]

{[%evp 19,85,7,8,6,29,-14,0,-46,-45,-39,-41,-24,0,-4,-8,-33,-10,-26,0,0,-4,-129,-129,-129,-133,-133,-133,-136,-133,-133,-126,-155,-119,-125,-129,-123,-124,-138,-154,-177,-125,-180,-148,-147,-149,-150,-150,-337,-325,-370,-388,-727,-477,-873,-820,-757,-422,-427,-421,-29970,-29972,-29960,-29950,-2009,-1355,-29998,-29999,-29999]} 1. d4 Nf6 2. Nf3 b6 3. c4 Bb7 4. Nc3 e6 5. e3 Bb4 6. Bd3 O-O 7. Bd2 d6 8. Qc2 Nbd7 {[%cal Bb8d7,Bd7c5,Bc5d3][%mdl 32]} 9. a3 Bxc3 10. Bxc3 Qe7 {LiveBook: 13 Games} 11. e4 {E21: Nimzo-Indian: 4 Nf3} (11. O-O e5 12. Nd2 Rfe8 13. b4 e4 14. Be2 Nf8 15. d5 N8d7 16. Nb3 Ne5 17. Nd4 g6 18. a4 Qf8 {0-1 (30) Ben Artzi,I (2397)-Babula,V (2559) Pardubice 2015}) 11... e5 12. d5 Nc5 13. b4 $146 {The position is equal.} ({Predecessor:} 13. O-O Rae8 14. Rfe1 Nxd3 15. Qxd3 Bc8 16. b4 Nh5 17. Bd2 f5 18. exf5 Bxf5 {½-½ (34) Papagorasz,T (2233)-Baki,P (2179) Hungary 2007}) 13... Nxd3+ 14. Qxd3 Nh5 {[%cal Bf6h5,Bh5f4,Bf4g2][%mdl 32]} 15. g3 Bc8 {[%cal Bb7c8,Bc8h3,Bh3g2,Bg2e4][%mdl 32]} 16. Nh4 Bh3 17. Bd2 Qf6 18. Qe2 Nf4 $36 {[%mdl 2048] Black fights for an advantage.} 19. Qf3 h5 {White must now prevent ...Ng2+!} 20. Qc3 (20. gxf4 $11 {remains equal.} exf4 21. O-O-O Qxh4 22. Qxf4 Qxf4 23. Bxf4) 20... Ng2+ $17 21. Nxg2 Bxg2 22. Rg1 Bxe4 23. g4 hxg4 24. Rxg4 Bg6 25. h4 Rfc8 {[%cal Bf8c8,Bc8c6,Bc6c4][%mdl 32]} 26. Rg5 c6 {Strongly threatening ...cxd5.} 27. h5 Bh7 {...cxd5 is the strong threat.} 28. dxc6 Rxc6 29. Ke2 Kh8 (29... Rac8 $19 30. Rag1 Rxc4 31. Rxg7+ Kh8) 30. Rag1 (30. b5 $17 {was called for.} Rc5 31. h6 Qxh6 32. Qf3) 30... Rg8 31. h6 {[#]} g6 $1 {[%cal Bg7g6,Bg6g5,Bg5f4][%mdl 32]} ({Reject} 31... gxh6 $6 32. Rxg8+ Bxg8 33. Qh3 $11) ({Worse is} 31... Qxh6 32. Qf3 $14) 32. f4 Qe6 33. fxe5 $2 (33. f5 $17 gxf5 34. Rxg8+ Bxg8 35. Qg3 Qxc4+ 36. Kd1 Qg4+ 37. Qxg4 fxg4 38. Rxg4) 33... Rxc4 $19 34. Qe3 f6 35. R5g2 $2 (35. R5g3 g5 36. exf6) 35... dxe5 {And now ...g5 would win.} 36. Rf2 (36. Rc1 $142 Rd8 37. Rxc4 Qxc4+ 38. Ke1) 36... g5 37. Kf1 Rf4 38. Rxf4 gxf4 39. Qc3 {[#]} (39. Rxg8+ $19 Bxg8 40. Qf3) 39... Rxg1+ 40. Kxg1 Qg4+ 41. Kf1 Be4 42. Qc7 Bd3+ 43. Kf2 Qg3# {Precision: White = 29%, Black = 59%.} 0-1

[Event "World Junior U20 Open 2018"]
[Site "Gebze"]
[Date "2018.09.11"]
[Round "7.67"]
[White "Ozturk, Efe Hakan"]
[Black "Wong, Yinn Long"]
[Result "0-1"]
[WhiteElo "2065"]
[BlackElo "2261"]
[Annotator "NA"]
[PlyCount "106"]
[EventDate "2018.09.05"]
[EventType "swiss"]
[EventCountry "TUR"]
[SourceTitle "playchess.com"]
[Source "ChessBase"]
[SourceQuality "1"]
[TimeControl "40/5400+30:1800+30"]

1. Nf3 {[%emt 0:00:30]} c5 {[%emt 0:00:30]} 2. g3 {[%emt 0:00:00]} g6 {[%emt 0:00:30]} 3. Bg2 {[%emt 0:01:00]} Bg7 {[%emt 0:00:30]} 4. d4 {[%emt 0:00:00]} cxd4 {[%emt 0:00:30]} 5. Nxd4 {[%emt 0:00:00]} Nc6 {[%emt 0:00:30]} 6. Nxc6 {[%emt 0:00:30]} bxc6 {[%emt 0:00:30]} 7. O-O {[%emt 0:00:00]} Rb8 {[%emt 0:01:30]} 8. Nd2 {[%emt 0:00:00] A04: Unusual lines after 1 Nf3 and King's Indian Attack} (8. Nc3 Nf6 9. e4 O-O 10. Re1 d6 11. e5 Ng4 12. exd6 exd6 13. h3 Ne5 14. b3 Bf5 15. Bd2 h5 {½-½ (45) Ponomariov,R (2739)-Gashimov,V (2758) Khanty-Mansiysk 2009}) 8... c5 {[%emt 0:03:30]} 9. c3 {[%emt 0:14:30]} Nf6 {[%emt 0:08:30]} 10. e4 {[%emt 0:06:30]} O-O {[%emt 0:04:30]} 11. Qa4 {[%emt 0:06:30]} Qc7 {[%emt 0:05:30]} 12. Nc4 $146 {[%emt 0:08:30]} ({Predecessor:} 12. Re1 d6 13. Nf3 Nd7 14. Qc2 Bb7 15. Bf4 Bc6 16. Rab1 {0-1 (91) Shi,K (2192)-Bai,J (2537) Shenzhen 2016}) 12... d6 {[%emt 0:02:30]} 13. Re1 {[%emt 0:03:30]} Nd7 {[%emt 0:08:30]} 14. Ne3 {[%emt 0:08:30]} e6 {[%emt 0:03:30]} 15. f4 {[%emt 0:04:30]} f5 {[%emt 0:09:30]} 16. exf5 {[%emt 0:11:30]} gxf5 {[%emt 0:00:30]} 17. g4 {[%emt 0:00:30]} fxg4 {[%emt 0:13:30]} 18. Nxg4 {[%emt 0:00:30]} Nf6 {[%emt 0:01:30]} 19. Nf2 $17 {[%emt 0:10:30]} Kh8 {[%emt 0:03:30]} 20. Nh3 {[%emt 0:03:24]} Bb7 {[%emt 0:09:30]} 21. Re2 {[%emt 0:08:17]} Bxg2 {[%emt 0:06:49]} 22. Rxg2 {[%emt 0:00:18]} Rbe8 {[%emt 0:04:01]} 23. Bd2 {[%emt 0:04:19]} d5 {[%emt 0:05:31]} 24. Kh1 {[%emt 0:05:06]} Ne4 {[%emt 0:00:37]} 25. Be3 {[%emt 0:00:39]} Bf6 {[%emt 0:01:03]} 26. Rag1 {[%emt 0:01:10]} Rd8 {[%emt 0:03:09]} 27. Ng5 {[%emt 0:00:00]} Bxg5 {[%emt 0:02:23]} 28. fxg5 {[%emt 0:00:00]} Rf3 {[%emt 0:00:30]} 29. Qd1 {[%emt 0:00:00]} Rxe3 {[%emt 0:00:30]} 30. Qh5 {[%emt 0:00:00]} Qg7 {[%emt 0:00:30]} 31. g6 {[%emt 0:00:00]} Nf6 {[%emt 0:00:30]} 32. Qh4 {[%emt 0:00:00]} Re4 {[%emt 0:00:30]} 33. Qf2 {[%emt 0:00:00]} h6 {[%emt 0:00:30]} 34. Qxc5 {[%emt 0:00:00]} Kg8 {[%emt 0:00:30]} 35. b4 {[%emt 0:00:00]} Rc4 {[%emt 0:00:30]} 36. Qe3 {[%emt 0:00:00]} Re4 {[%emt 0:00:30]} 37. Qh3 {[%emt 0:00:00]} Rf8 {[%emt 0:00:30]} 38. Rf2 {[%emt 0:00:00]} h5 {[%emt 0:00:30]} 39. Rgf1 {[%emt 0:00:00]} Qxg6 {[%emt 0:00:30]} 40. Rf4 {[%emt 0:00:00]} Rxf4 {[%emt 0:00:30]} 41. Qxe6+ {[%emt 0:08:47]} Kh7 {[%emt 0:05:27]} 42. Rxf4 {[%emt 0:00:30]} Re8 {[%emt 0:00:30]} 43. Qa6 {[%emt 0:01:30]} Re1+ {[%emt 0:01:30]} 44. Rf1 {[%emt 0:00:30]} Qe4+ {[%emt 0:00:30]} 45. Kg1 {[%emt 0:00:00]} Qe3+ {[%emt 0:00:30]} 46. Kh1 {[%emt 0:00:00]} Qf3+ {[%emt 0:01:30]} 47. Kg1 {[%emt 0:00:30]} Rxf1+ {[%emt 0:02:30]} 48. Qxf1 {[%emt 0:00:00]} Qxf1+ {[%emt 0:01:30]} 49. Kxf1 {[%emt 0:00:00]} Ne4 {[%emt 0:00:00]} 50. a3 {[%emt 0:01:30]} Nxc3 {[%emt 0:00:00]} 51. Kf2 {[%emt 0:00:00]} d4 {[%emt 0:00:30]} 52. Kf3 {[%emt 0:00:00]} Kg6 {[%emt 0:00:30]} 53. a4 {[%emt 0:00:00]} Kf5 {[%emt 0:00:00]} 0-1

[Event "World Junior U20 Open 2018"]
[Site "Gebze"]
[Date "2018.09.11"]
[Round "7.68"]
[White "Gulden, Egemen"]
[Black "Yilmaz, Goktan"]
[Result "0-1"]
[WhiteElo "2068"]
[BlackElo "2237"]
[Annotator "NA"]
[PlyCount "104"]
[EventDate "2018.09.05"]
[EventType "swiss"]
[EventCountry "TUR"]
[SourceTitle "playchess.com"]
[Source "ChessBase"]
[SourceQuality "1"]
[TimeControl "40/5400+30:1800+30"]

1. e4 {[%emt 0:00:30]} c5 {[%emt 0:00:30]} 2. Nc3 {[%emt 0:03:30]} d6 {[%emt 0:00:30]} 3. g3 {[%emt 0:00:00]} Nc6 {[%emt 0:00:30]} 4. Bg2 {[%emt 0:00:00]} g6 {[%emt 0:00:00]} 5. d3 {[%emt 0:00:00]} Bg7 {[%emt 0:00:00]} 6. Be3 {[%emt 0:00:00]} Rb8 {[%emt 0:00:00]} 7. f4 {[%emt 0:00:00]} e6 {[%emt 0:04:00]} 8. Qd2 {[%emt 0:01:00]} Nge7 {[%emt 0:03:30]} 9. Nh3 {[%emt 0:01:30] B26: Closed Sicilian: 3 g3, lines with early Be3} (9. Nf3 b5 10. a3 a5 11. Nd1 b4 12. axb4 axb4 13. h4 h5 14. O-O O-O 15. Rb1 Ra8 16. Nf2 Ra2 17. d4 {½-½ (39) Seirawan,Y (2643)-Karpov,A (2615) Saint Louis 2012}) 9... b5 {[%emt 0:05:30]} 10. O-O {[%emt 0:00:30]} b4 {[%emt 0:02:30]} 11. Nd1 {[%emt 0:00:00]} O-O {[%emt 0:01:30]} 12. c3 {[%emt 0:11:00]} bxc3 $146 {[%emt 0:01:30]} ({Predecessor:} 12... f5 13. Kh1 Bb7 {0-1 (31) Bershad,N-Miralaie,M San Pedro 2006}) 13. bxc3 {[%emt 0:00:00]} Qa5 {[%emt 0:00:30]} 14. Rc1 {[%emt 0:01:00]} Rd8 {[%emt 0:17:30]} 15. f5 {[%emt 0:18:30]} exf5 {[%emt 0:00:30]} 16. Bh6 {[%emt 0:00:30]} Ne5 {[%emt 0:07:30]} 17. Bxg7 {[%emt 0:04:30]} Kxg7 {[%emt 0:00:30]} 18. Ne3 {[%emt 0:00:30]} fxe4 {[%emt 0:06:30]} 19. dxe4 {[%emt 0:01:30]} Be6 {[%emt 0:08:30]} 20. Qf2 {[%emt 0:13:30] [#]} Ng8 $1 {[%emt 0:03:30]} ({Inferior is} 20... Qxa2 21. Qf6+ Kg8 22. Qxe7 $16) 21. Nf5+ {[%emt 0:10:30]} gxf5 {[%emt 0:05:30]} 22. exf5 {[%emt 0:00:00]} Bc4 {[%emt 0:02:30]} 23. f6+ {[%emt 0:02:00]} Kf8 {[%emt 0:02:30]} 24. Rfe1 {[%emt 0:08:30]} Qxa2 {[%emt 0:02:30]} 25. Rc2 {[%emt 0:02:30]} Qa4 {[%emt 0:01:30]} 26. Rd2 {[%emt 0:07:23]} Nd3 {[%emt 0:07:14]} 27. Ng5 $19 {[%emt 0:04:57]} Nxe1 {[%emt 0:03:43]} 28. Nxh7+ {[%emt 0:05:34]} Ke8 {[%emt 0:00:01]} 29. Qxe1+ {[%emt 0:01:38]} Kd7 {[%emt 0:01:33]} 30. Qe4 {[%emt 0:01:32]} Re8 {[%emt 0:02:13]} 31. Qf4 {[%emt 0:01:02]} Rb1+ {[%emt 0:02:15]} 32. Kf2 {[%emt 0:00:10]} Rb6 {[%emt 0:00:00]} 33. Ng5 {[%emt 0:00:44]} Qb5 {[%emt 0:05:00]} 34. Ne4 {[%emt 0:00:52]} Rxe4 {[%emt 0:03:38]} 35. Bxe4 {[%emt 0:00:15]} Be6 {[%emt 0:00:24]} 36. Qg5 {[%emt 0:00:49]} Qc4 {[%emt 0:00:41]} 37. Bh7 {[%emt 0:00:28]} Qxc3 {[%emt 0:01:05]} 38. Bxg8 {[%emt 0:00:18]} Rb2 {[%emt 0:01:02]} 39. Rxb2 {[%emt 0:00:56]} Qxb2+ {[%emt 0:00:01]} 40. Kg1 {[%emt 0:00:52]} Qd4+ {[%emt 0:00:00]} 41. Kg2 {[%emt 0:00:30]} Qd5+ {[%emt 0:01:10]} 42. Qxd5 {[%emt 0:00:30]} Bxd5+ {[%emt 0:00:30]} 43. Kf2 {[%emt 0:00:30]} a5 {[%emt 0:00:30]} 44. Ke3 {[%emt 0:02:30]} a4 {[%emt 0:01:30]} 45. Kd2 {[%emt 0:00:30]} a3 {[%emt 0:00:00]} 46. Kc3 {[%emt 0:00:00]} a2 {[%emt 0:00:00]} 47. Kb2 {[%emt 0:00:00]} Ke6 {[%emt 0:00:30]} 48. Bh7 {[%emt 0:00:00]} Kxf6 {[%emt 0:00:00]} 49. h4 {[%emt 0:00:00]} Bb3 {[%emt 0:01:00]} 50. g4 {[%emt 0:01:30]} c4 {[%emt 0:00:30]} 51. g5+ {[%emt 0:00:30]} Kg7 {[%emt 0:00:00]} 52. Be4 {[%emt 0:00:30]} c3+ {[%emt 0:00:00]} 0-1

[Event "World Junior U20 Open 2018"]
[Site "Gebze"]
[Date "2018.09.11"]
[Round "7.69"]
[White "Samani, Yamac"]
[Black "Cansun, Can Alp"]
[Result "1-0"]
[WhiteElo "2226"]
[BlackElo "2110"]
[Annotator "ChessBase"]
[PlyCount "51"]
[EventDate "2018.09.05"]
[EventType "swiss"]
[EventCountry "TUR"]
[SourceTitle "playchess.com"]
[Source "ChessBase"]
[SourceQuality "1"]
[TimeControl "40/5400+30:1800+30"]

1. e4 {[%emt 0:00:30]} c5 {[%emt 0:00:30]} 2. Nf3 {[%emt 0:00:30]} e6 {[%emt 0:00:30]} 3. d4 {[%emt 0:00:00]} cxd4 {[%emt 0:00:00]} 4. Nxd4 {[%emt 0:00:00]} a6 {[%emt 0:00:00]} 5. Bd3 {[%emt 0:00:30]} Nf6 {[%emt 0:00:00]} 6. O-O {[%emt 0:01:30]} Qc7 {[%emt 0:00:00]} 7. Qe2 {[%emt 0:00:30]} d6 {[%emt 0:00:00]} 8. f4 {[%emt 0:00:30]} Nbd7 {[%emt 0:01:00]} 9. c4 {[%emt 0:00:30]} Be7 {[%emt 0:12:30]} 10. Nc3 {[%emt 0:01:30]} b6 {[%emt 0:00:00]} 11. f5 {[%emt 0:03:30]} Ne5 {[%emt 0:03:00]} 12. Kh1 {[%emt 0:03:30]} Bd7 {[%emt 0:04:30]} 13. Bd2 {[%emt 0:03:30]} Rc8 {[%emt 0:03:30]} 14. b3 {[%emt 0:01:30]} h5 {[%emt 0:09:30]} 15. fxe6 {[%emt 0:15:30]} fxe6 {[%emt 0:00:30]} 16. Nf3 {[%emt 0:02:30]} Nfg4 {[%emt 0:09:30]} 17. Rac1 {[%emt 0:05:30]} Bf6 {[%emt 0:07:30]} 18. Bf4 {[%emt 0:04:30]} Qc5 {[%emt 0:09:30]} 19. Bb1 {[%emt 0:07:30]} Ke7 {[%emt 0:22:58]} 20. Qd2 {[%emt 0:16:30]} a5 {[%emt 0:06:44]} 21. Rcd1 {[%emt 0:04:30]} Rcd8 {[%emt 0:01:56]} 22. h3 {[%emt 0:05:30]} Bc6 {[%emt 0:05:01]} 23. Nd4 {[%emt 0:04:08]} Nh6 {[%emt 0:02:03]} 24. Be3 {[%emt 0:01:47]} Nxc4 {[%emt 0:00:44]} 25. bxc4 {[%emt 0:00:58]} Qxc4 {[%emt 0:00:11]} 26. Bd3 {[%emt 0:03:13]} 1-0

[Event "World Junior U20 Open 2018"]
[Site "Gebze"]
[Date "2018.09.11"]
[Round "7.70"]
[White "Lin, Peisen"]
[Black "Silva, David"]
[Result "0-1"]
[WhiteElo "2034"]
[BlackElo "2223"]
[Annotator "NA"]
[PlyCount "71"]
[EventDate "2018.09.05"]
[EventType "swiss"]
[EventCountry "TUR"]
[SourceTitle "playchess.com"]
[Source "ChessBase"]
[SourceQuality "1"]
[TimeControl "40/5400+30:1800+30"]

1. e4 {[%emt 0:00:30]} e5 {[%emt 0:00:30]} 2. Nf3 {[%emt 0:00:00]} Nc6 {[%emt 0:00:30]} 3. Bb5 {[%emt 0:00:00]} a6 {[%emt 0:02:30]} 4. Ba4 {[%emt 0:00:30]} d6 {[%emt 0:06:30] LiveBook: 3861 Games} 5. O-O {[%emt 0:00:30]} Bd7 {[%emt 0:03:30]} 6. c3 {[%emt 0:01:30]} Nf6 {[%emt 0:00:30]} 7. Re1 {[%emt 0:00:30]} g6 {[%emt 0:01:30]} 8. d4 {[%emt 0:00:30]} Qe7 {[%emt 0:02:30]} 9. Nbd2 {[%emt 0:02:30]} Bg7 {[%emt 0:00:30]} 10. Nf1 {[%emt 0:03:30]} O-O {[%emt 0:00:30]} 11. Ne3 {[%emt 0:09:30] C79: Ruy Lopez: Steinitz-type lines with 3...a6 4 Ba4 Nf6 5 0-0 d6} b5 {[%emt 0:04:30]} 12. Bc2 {[%emt 0:00:30]} h6 $146 {[%emt 0:01:30]} ({Predecessor:} 12... exd4 13. cxd4 Nb4 14. Bb3 a5 15. a3 Na6 16. e5 dxe5 17. dxe5 Ng4 18. e6 Nxe3 19. exf7+ Kh8 20. Bxe3 Be6 21. Bg5 Bxb3 22. Bxe7 Bxd1 23. Bxf8 Bxf3 24. Bxg7+ Kxg7 25. gxf3 {1-0 (25) Findlay,I (2410)-Witt,L (2340) Toronto 1987}) 13. Nd5 {[%emt 0:09:30]} Qd8 {[%emt 0:00:00]} 14. dxe5 {[%emt 0:01:30]} Nxd5 {[%emt 0:01:00]} 15. Qxd5 {[%emt 0:04:30]} Nxe5 {[%emt 0:03:30]} 16. Nxe5 {[%emt 0:00:30]} Bxe5 {[%emt 0:01:30]} 17. f4 {[%emt 0:05:30]} Bf6 {[%emt 0:02:30]} 18. Be3 {[%emt 0:03:30]} Qe8 {[%emt 0:05:30]} 19. Qd2 {[%emt 0:12:30]} Bc6 {[%emt 0:01:30]} 20. Bd4 {[%emt 0:07:30]} Qe7 {[%emt 0:03:30]} 21. Re3 {[%emt 0:01:30]} Rad8 {[%emt 0:02:30]} 22. Rae1 {[%emt 0:02:30]} Bd7 {[%emt 0:06:30]} 23. Rf3 {[%emt 0:08:30]} Rfe8 {[%emt 0:02:30]} 24. Ref1 {[%emt 0:07:07]} Bc6 {[%emt 0:00:30]} 25. Re3 {[%emt 0:02:44]} Bb7 {[%emt 0:02:30]} 26. Qe2 {[%emt 0:04:38]} Ba8 {[%emt 0:06:30]} 27. Bxf6 {[%emt 0:05:24]} Qxf6 {[%emt 0:00:30]} 28. h3 {[%emt 0:04:29]} Re7 {[%emt 0:00:30]} 29. g3 {[%emt 0:00:50]} Rde8 {[%emt 0:00:30]} 30. Re1 {[%emt 0:00:04]} Qe6 {[%emt 0:01:30]} 31. Kh2 $17 {[%emt 0:01:37]} Qxa2 {[%emt 0:00:30]} 32. Bb1 {[%emt 0:00:48]} Qe6 {[%emt 0:00:30]} 33. b4 {[%emt 0:00:38]} Qf6 {[%emt 0:02:30]} 34. Ba2 {[%emt 0:00:36]} Rxe4 {[%emt 0:01:30]} 35. Rxe4 {[%emt 0:00:27]} Rxe4 {[%emt 0:00:30]} 36. Qd1 {[%emt 0:00:54]} 0-1

[Event "World Junior U20 Open 2018"]
[Site "Gebze"]
[Date "2018.09.11"]
[Round "7.71"]
[White "Can, Melih Kaan"]
[Black "Kilic, Gokturk Kagan"]
[Result "1-0"]
[WhiteElo "2195"]
[BlackElo "1910"]
[Annotator "TA"]
[PlyCount "53"]
[EventDate "2018.09.05"]
[EventType "swiss"]
[EventCountry "TUR"]
[SourceTitle "playchess.com"]
[Source "ChessBase"]
[SourceQuality "1"]

{[%evp 21,53,50,75,58,62,61,58,22,69,54,114,116,117,97,90,87,107,95,88,54,61,54,51,45,79,67,126,80,193,98,288,261,475,478]} 1. d4 Nf6 2. Nf3 g6 3. Bf4 Bg7 4. e3 O-O 5. Be2 d6 6. h3 Nbd7 7. O-O Qe8 8. Bh2 e5 9. c4 Qe7 10. Nc3 c6 11. b4 {[%cal Bb2b4,Bb4b5][%mdl 32]} Ne8 {LiveBook: 6 Games} 12. b5 {A48: 1 d4 Nf6 2 Nf3 g6: Torre, London and Colle Systems} (12. Qb3 e4 13. Nd2 f5 14. c5+ d5 15. b5 Qe6 16. bxc6 bxc6 17. Rac1 Rf7 18. Qa4 Nf8 19. Rb1 g5 {½-½ (37) Dgebuadze,A (2490)-Verstraeten,R (2312) Schelle 2015}) 12... c5 $146 ({Predecessor:} 12... f5 13. bxc6 bxc6 14. c5 e4 15. cxd6 Nxd6 16. Nd2 Nb6 17. Qb3+ Be6 18. Qa3 Rad8 19. Rac1 Rd7 {1-0 (61) Tempone,M (2366)-Zuriel,M (2280) Buenos Aires 2016}) 13. Nd5 Qd8 14. Qc2 {White is slightly better.} Nc7 15. dxe5 Nxd5 (15... Nxe5 $14 16. Nxe5 dxe5) 16. cxd5 $16 dxe5 17. Rac1 b6 18. Nd2 Bb7 19. e4 f5 20. exf5 gxf5 21. Nc4 Qf6 22. Rcd1 Kh8 23. Rfe1 Rg8 (23... Qh6 $14) 24. Bf1 f4 (24... Rge8 $16) 25. Qe4 ({White should try} 25. Bd3 $18) 25... Rae8 $2 (25... Raf8 $16 {was necessary.}) 26. Bd3 $18 {[%csl Gd3][%cal Re4h7]} Qh6 $2 {[#]} (26... Nf8 27. Bxf4 Ng6) 27. Nd6 $1 {[%mdl 512] Precision: White = 30%, Black = 24%.} 1-0

[Event "World Junior U20 Open 2018"]
[Site "Gebze"]
[Date "2018.09.11"]
[Round "7.72"]
[White "Daghan, Devran"]
[Black "Eren, Ataberk"]
[Result "0-1"]
[WhiteElo "2004"]
[BlackElo "2180"]
[Annotator "NA"]
[PlyCount "124"]
[EventDate "2018.09.05"]
[EventType "swiss"]
[EventCountry "TUR"]
[SourceTitle "playchess.com"]
[Source "ChessBase"]
[SourceQuality "1"]
[TimeControl "40/5400+30:1800+30"]

1. e4 {[%emt 0:00:30]} e6 {[%emt 0:00:30]} 2. d4 {[%emt 0:00:30]} d5 {[%emt 0:00:30]} 3. Nc3 {[%emt 0:00:00]} Nf6 {[%emt 0:01:30]} 4. e5 {[%emt 0:00:00]} Nfd7 {[%emt 0:00:00]} 5. f4 {[%emt 0:00:00]} c5 {[%emt 0:00:00]} 6. Nf3 {[%emt 0:00:00]} Nc6 {[%emt 0:00:30]} 7. Be3 {[%emt 0:00:30]} Be7 {[%emt 0:00:00]} 8. Qd2 {[%emt 0:00:30]} a6 {[%emt 0:00:00]} 9. dxc5 {[%emt 0:00:00]} Nxc5 {[%emt 0:00:00] C11: French: Classical System: 4 e5 and 4 Bg5 dxe4} 10. O-O-O {[%emt 0:00:00]} b5 {[%emt 0:00:00]} (10... Qa5 11. Kb1 b5 12. h4 Bd7 13. g4 b4 14. Ne2 Ne4 15. Qe1 Rb8 16. Nc1 Nc3+ 17. bxc3 bxc3+ {1-0 (96) Najer,E (2679)-Korobov,A (2695) Poikovsky 2017}) 11. Bxc5 {[%emt 0:00:30]} Bxc5 {[%emt 0:00:30]} 12. Bd3 {[%emt 0:00:00]} g6 $146 {[%emt 0:02:30]} ({Predecessor:} 12... Bd7 13. Ne2 Nb4 14. Kb1 Qb6 15. h4 a5 16. Rh3 Be3 17. Qe1 Nxd3 18. cxd3 {1-0 (45) Merry,A (2422)-Olarasu,I (2058) London 2017}) 13. Ne2 {[%emt 0:25:00]} Qb6 {[%emt 0:11:30]} 14. Kb1 {[%emt 0:00:30]} Be3 {[%emt 0:00:30]} 15. Qe1 {[%emt 0:00:30]} Bf2 {[%emt 0:02:30]} 16. Qd2 {[%emt 0:01:30]} b4 {[%emt 0:04:30]} 17. g4 {[%emt 0:07:30]} Qe3 {[%emt 0:06:30]} 18. Qxe3 {[%emt 0:14:30]} Bxe3 {[%emt 0:00:30]} 19. g5 {[%emt 0:26:30]} h5 {[%emt 0:02:30]} 20. h4 {[%emt 0:00:30]} Ke7 {[%emt 0:00:30]} 21. Rh3 {[%emt 0:00:30]} Rd8 {[%emt 0:02:30]} 22. Nd2 {[%emt 0:03:12]} Bb6 {[%emt 0:04:30]} 23. c4 {[%emt 0:04:37]} bxc3 {[%emt 0:20:30]} 24. Nxc3 {[%emt 0:00:06]} Bd7 {[%emt 0:00:30]} 25. Nb3 {[%emt 0:04:04]} Na5 {[%emt 0:02:30]} 26. Nxa5 {[%emt 0:00:58]} Bxa5 {[%emt 0:00:30]} 27. Bc2 {[%emt 0:00:08]} Rab8 {[%emt 0:00:00]} 28. Ne2 {[%emt 0:05:16]} Bb4 {[%emt 0:03:00]} 29. Bd3 {[%emt 0:05:18]} a5 {[%emt 0:00:30]} 30. Rc1 {[%emt 0:00:36]} a4 {[%emt 0:03:30]} 31. Rh2 {[%emt 0:01:04]} Rdc8 {[%emt 0:04:30]} 32. Rxc8 {[%emt 0:00:45]} Rxc8 {[%emt 0:00:30]} 33. Rh1 {[%emt 0:00:16]} Bd2 {[%emt 0:00:30]} 34. Rd1 {[%emt 0:01:03]} Be3 {[%emt 0:00:00]} 35. b3 {[%emt 0:00:03]} a3 {[%emt 0:02:00]} 36. Ba6 {[%emt 0:00:25]} Ra8 {[%emt 0:02:30]} 37. Bd3 {[%emt 0:00:16]} Rb8 {[%emt 0:01:30]} 38. Kc2 {[%emt 0:00:30]} Rc8+ {[%emt 0:00:30]} 39. Kb1 {[%emt 0:00:01]} Bf2 {[%emt 0:00:30]} 40. Rh1 {[%emt 0:00:00]} d4 {[%emt 0:00:00]} 41. Bc4 {[%emt 0:08:22]} Bc6 {[%emt 0:01:00]} 42. Rf1 {[%emt 0:08:34]} Be4+ {[%emt 0:00:30]} 43. Kc1 {[%emt 0:01:41]} Be3+ {[%emt 0:00:30]} 44. Kd1 {[%emt 0:00:01]} Bg2 {[%emt 0:00:30]} 45. Rg1 {[%emt 0:00:36]} Bxg1 {[%emt 0:01:30]} 46. Nxg1 {[%emt 0:00:30]} Bd5 {[%emt 0:00:30]} 47. Bxd5 {[%emt 0:00:30]} exd5 {[%emt 0:00:30]} 48. Ne2 {[%emt 0:00:00]} d3 {[%emt 0:08:30]} 49. Nd4 {[%emt 0:00:08]} Kd7 {[%emt 0:00:30]} 50. Kd2 {[%emt 0:00:00]} Rc5 {[%emt 0:00:30]} 51. Kd1 {[%emt 0:00:31]} Kc8 {[%emt 0:00:30]} 52. Kd2 {[%emt 0:00:51]} Kb7 {[%emt 0:00:00]} 53. Kd1 {[%emt 0:00:52]} Ka6 {[%emt 0:00:00]} 54. Kd2 {[%emt 0:00:23]} Ka5 {[%emt 0:00:30]} 55. Kxd3 {[%emt 0:08:38]} Rc1 {[%emt 0:00:30]} 56. f5 {[%emt 0:01:30]} gxf5 {[%emt 0:01:30]} 57. Nxf5 {[%emt 0:01:49]} Ra1 {[%emt 0:07:30]} 58. Ne3 {[%emt 0:03:27]} Rxa2 {[%emt 0:06:30]} 59. g6 $19 {[%emt 0:02:46]} fxg6 {[%emt 0:00:00]} 60. Nc2 {[%emt 0:00:08]} Kb6 {[%emt 0:12:00]} 61. b4 {[%emt 0:00:31]} Kc7 {[%emt 0:00:30]} 62. Kc3 {[%emt 0:00:02]} d4+ {[%emt 0:00:00]} 0-1